The balance of payments exchange rates and economic policy : (Record no. 59376)
[ view plain ]
| 000 -LEADER | |
|---|---|
| fixed length control field | 00743cam5a220020500 4500 |
| 001 - CONTROL NUMBER | |
| control field | tmp15427258 |
| 003 - CONTROL NUMBER IDENTIFIER | |
| control field | UPRA |
| 005 - DATE AND TIME OF LATEST TRANSACTION | |
| control field | 20190815094255.0 |
| 008 - FIXED-LENGTH DATA ELEMENTS--GENERAL INFORMATION | |
| fixed length control field | 950811s1978 gr eng u |
| 035 ## - SYSTEM CONTROL NUMBER | |
| System control number | (Sirsi) r118946 |
| 035 ## - SYSTEM CONTROL NUMBER | |
| System control number | (UPRA)tmp15427258 |
| 040 ## - CATALOGING SOURCE | |
| Transcribing agency | UPRA |
| 100 1# - MAIN ENTRY--PERSONAL NAME | |
| Personal name | Allen, Pally R. |
| Linkage | A84202.1 |
| 245 14 - TITLE STATEMENT | |
| Title | The balance of payments exchange rates and economic policy : |
| Remainder of title | a survey and synthesis of recent developments / |
| Statement of responsibility, etc. | by Pally R. Allen and Peter B. Keren. |
| 260 ## - PUBLICATION, DISTRIBUTION, ETC. | |
| Place of publication, distribution, etc. | Athens : |
| Name of publisher, distributor, etc. | [Center of Planning and Economic Research], |
| Date of publication, distribution, etc. | 1978. |
| 490 0# - SERIES STATEMENT | |
| Series statement | Reprints in Reprints in international finance |
| Linkage | S12718.1 |
| 650 #0 - SUBJECT ADDED ENTRY--TOPICAL TERM | |
| Topical term or geographic name entry element | Balance of trade. |
| Linkage | S34018.1 |
| 949 ## - LOCAL PROCESSING INFORMATION (OCLC) | |
| a | HF1014 |
| w | lcc |
| i | -171213 |
| m | MAIN |
| t | BOOK |
| l | ON-SHELF |
No items available.